000 00747nam a22002417a 4500
005 20250908120204.0
008 250908b |||||||| |||| 00| 0 eng d
020 _a978-93-91988-16-6 (pbk)
037 _cTB
040 _aCRL
_cCRL
041 _2SIN
_aSIN
084 _aO15,1J72x 1593R2
_bCRL
100 _aShalini Sagar
_9820202
245 _aGanga lahari
260 _aAhmedabad, India:
_bScan computers,
_c2022.
300 _a102p.
365 _b395.00
_cINR
546 _aTranslated from Sanskrit to Sindhi
650 _aSanskrit Literature
_9820203
650 _aSanskrit Poetry
_9820204
942 _2CC
_cTB
_hO15,1J72x 1593R2
_n0
999 _c1435216
_d1435216